Asean identity development and Culture

Bibliographic Details
Other Authors: Anand, R.P, Quisumbling, Purificacion
Format: Book
Published: Quezon Aveneu : University of the Philippines Law Center , 1981
Subjects:

MARC

LEADER 00000cam a2200000 7i4500
001 0000003715
005 20050427.0
040 |a INS 
090 0 0 |a HC441.   |b A855 1981 
245 0 0 |a Asean identity development and Culture   |c R.P. Anand 
260 |a Quezon Aveneu :   |b University of the Philippines Law Center ,   |c 1981 
300 |a xxx, 411p. ;   |c 23 cm. 
650 0 0 |a Social sciences   |z Aseab 
700 1 |a Anand, R.P. 
700 1 |a Quisumbling, Purificacion 
999 |a 0000001677   |b BOOK   |c Open Shelf   |e Default branch